NTA CUET UG Physics/ (Record no. 203597)

MARC details
000 -LEADER
fixed length control field 00663nam a22002057a 4500
005 - DATE AND TIME OF LATEST TRANSACTION
control field 20240614114916.0
010 ## - LCCN (DPL NO)
LC control number ENG-140603
020 ## - INTERNATIONAL STANDARD BOOK NUMBER
Terms of availability 415.00
International Standard Book Number 9788119896912
035 ## - SYSTEM CONTROL NUMBER
System control number EN-124135
037 ## - SOURCE OF ACQUISITION
Source of stock number/acquisition DBAD
082 ## - DEWEY DECIMAL CLASSIFICATION NUMBER
Classification number 530
Edition number 1
100 ## - MAIN ENTRY--PERSONAL NAME
Personal name Lulla, Ajit
245 ## - TITLE STATEMENT
Title NTA CUET UG Physics/
Statement of responsibility, etc By Ajit Lulla [and] Prashant Jain
250 ## - EDITION STATEMENT
Edition statement 1
260 ## - PUBLICATION, DISTRIBUTION, ETC. (IMPRINT)
Place of publication, distribution, etc Noida
Name of publisher, distributor, etc Pearson India Education Pvt Ltd
Date of publication, distribution, etc 2024
270 ## - ADDRESS
Address 1st Floor, Berger Tower, Plot No. C-001/2, Sector 16B
City Noida
Postal code 201301
Electronic mail address companysecretary.india@pearson.com
300 ## - PHYSICAL DESCRIPTION
Extent vp.
Dimensions 23cm(pbk)
700 ## - ADDED ENTRY--PERSONAL NAME
Personal name Jain, Prashant
Relator term Author
9 (RLIN) 67483
942 ## - ADDED ENTRY ELEMENTS (KOHA)
Source of classification or shelving scheme Dewey Decimal Classification
Item type English Books
Classification part 530
Call number suffix LUL
Edition 1
Holdings
Withdrawn status Lost status Not for loan Collection code Home library Current library Date acquired Source of acquisition Cost, normal purchase price Full call number Barcode Copy number Cost, replacement price Koha item type
      Non-fiction Central Library Central Library 14/06/2024 DBAD 415.00 530 LUL EN-124135 1 415.00 English Books

© Delhi Public Library
Hit Counter
free hit counter